书目信息 |
| 题名: |
首席经济学家论坛
|
|
| 作者: | 夏斌 主编 | |
| 分册: | 总第一辑 NO. 1, 2013 中国靠什么继续繁荣 | |
| 出版信息: | 北京 东方出版社 2013 |
|
| 页数: | 234页 | |
| 开本: | 24cm | |
| 丛书名: | ||
| 单 册: | ||
| 中图分类: | F0-53 , F12-53 | |
| 科图分类: | ||
| 主题词: | 经济学--jing ji xue--文集 , 中国经济--zhong guo jing ji--文集 | |
| 电子资源: | ||
| ISBN: | 978-7-5060-6273-2 | |
| 000 | 01091nam0 22002771 450 | |
| 001 | 0116132817 | |
| 005 | 20161219095924.40 | |
| 010 | @a978-7-5060-6273-2@dCNY42.00 | |
| 100 | @a20131217d2013 em y0chiy50 ea | |
| 101 | 0 | @achi |
| 102 | @aCN@b110000 | |
| 105 | @ay z 000yy | |
| 106 | @ar | |
| 200 | 1 | @a首席经济学家论坛@9shou xi jing ji xue jia lun tan@h总第一辑 NO. 1, 2013@i中国靠什么继续繁荣@f夏斌主编 |
| 210 | @a北京@c东方出版社@d2013 | |
| 215 | @a234页@d24cm | |
| 304 | @a英文共同题名:Chief economist forum | |
| 330 | @a本书设有顶层设计、经济前瞻、经济改革路径、金融改革路径四个栏目,具体包括中国经济改革:逻辑与行动框架——再论中国经济改革的“顶层设计”;2013年经济展望——站在历史新起点上;中国经济改革顶层设计、路径选择和时间表探;人民币汇率的战略思考与机制改革建议等内容。 | |
| 510 | 1 | @aChief economist forum@zeng |
| 606 | 0 | @a经济学@9jing ji xue@j文集 |
| 606 | 0 | @a中国经济@9zhong guo jing ji@j文集 |
| 690 | @aF0-53@v5 | |
| 690 | @aF12-53@v5 | |
| 701 | 0 | @a夏斌@9xia bin@f(1951~)@4主编 |
| 801 | 0 | @aCN@bTANGWEI@c20161128 |
| 905 | @b0950005-9@dF0-53@e502@f5 | |
| 首席经济学家论坛.总第一辑 NO. 1, 2013.中国靠什么继续繁荣/夏斌主编.-北京:东方出版社,2013 |
| 234页;24cm |
| ISBN 978-7-5060-6273-2:CNY42.00 |
| 本书设有顶层设计、经济前瞻、经济改革路径、金融改革路径四个栏目,具体包括中国经济改革:逻辑与行动框架——再论中国经济改革的“顶层设计”;2013年经济展望——站在历史新起点上;中国经济改革顶层设计、路径选择和时间表探;人民币汇率的战略思考与机制改革建议等内容。 |
| ● |
| 相关链接 |
|
|
|
|
正题名:首席经济学家论坛
索取号:F0-53/502
 
预约/预借
| 序号 | 登录号 | 条形码 | 馆藏地/架位号 | 状态 | 备注 |
| 1 | 0950005 | 209500057 | 第一样本阅览室/ [索取号:F0-53/502] | 在馆 | |
| 2 | 0950006 | 209500066 | 第一借阅区/ [索取号:F0-53/502] | 在馆 | |
| 3 | 0950007 | 209500075 | 第一借阅区/ [索取号:F0-53/502] | 在馆 | |
| 4 | 0950008 | 209500084 | 第一借阅区/ [索取号:F0-53/502] | 在馆 | |
| 5 | 0950009 | 209500093 | 第一借阅区/ [索取号:F0-53/502] | 在馆 |